00683nam a2200217 a 450000100060000000300080000600500170001400800410003103500190007203500190009104000320011004100080014208200210015010000470017124500470021826000560026530000210032150400510034265000490039365000230044220474BD-RjUL20211209000553.0140301r19661965enk b 001 0 eng d a(BD-RjUL)20536 a(OCoLC)2272444 aCINcCINdEQOdBD-RjULbeng aeng04a823.09bHAC 19661 aHarvey, W. J.q(William John),d1925-1967.10aCharacter and the novel /cby W. J. Harvey aLondon :bChatto & Windus,c1965 [impression 1966]. a222 p. ;c23 cm. a includes Bibliographical reference and index. 0aCharacters and characteristics in literature 0aFictionxTechnique